| 000 | 01237nam a2200337 a 4500 | ||
|---|---|---|---|
| 001 | 000007137 | ||
| 003 | DO-SdBNP | ||
| 005 | 20240320131416.0 | ||
| 007 | 000007137 | ||
| 008 | 090717s2013 mx 001 0 spa d | ||
| 020 | _z9789681638924 | ||
| 040 |
_aBPMSU _bspa _cBPMSU |
||
| 082 | 4 |
_a910.014 _bT554h 2013 _222 |
|
| 100 | 1 |
_aTibón, Gutierre, _d1905-1999. |
|
| 245 | 1 | 0 |
_aHistoria del nombre y de la fundación de México / _cTibón Gutierre ; prólogo de Jacques Soustelle. _b |
| 250 |
_a3a. ed. _bRevisada y aumentada. |
||
| 260 |
_aMéxico : _bFondo de Cultura Económica ; _c2013 _b |
||
| 300 |
_a893 p. : _bil., mapas ; _c23 cm. |
||
| 490 | 0 | _aSección de obras de historia | |
| 500 | _aIncluye datos biográficos del autor en la solapa de la cubierta | ||
| 500 | _aIncluye referencias bibliográficas y notas al pie de las páginas | ||
| 500 | _aIncluye índice. | ||
| 590 | _aInventariado, 2024/VM | ||
| 650 | 4 |
_aToponimia _zMéxico _xHistoria |
|
| 650 | 4 |
_aNombres geográficos _zMéxico _xHistoria |
|
| 651 | 4 |
_aMéxico _xHistoria _y |
|
| 700 | 1 |
_aSoustelle, Jacques _eprólogo |
|
| 710 | 2 | _aFondo de Cultura Económica (México) | |
| 910 | _aVMateo V. Control de calidad BPMSU | ||
| 942 |
_2ddc _cBK |
||
| 999 |
_c14607 _d14607 |
||